Mixed Word: Donut Varieties Quiz Stats

 Plays Quiz Updated Oct 19, 2016

Also try: Mixed Word: Fruits
Challenge
Share
Tweet
Embed
Score 0/22 Timer 03:00
4 Plays Today
Mixed Donut Type Answer % Correct
KCAECake
99.5%
MNIIMini
99.1%
LJLYEJelly
94.3%
ILLFEDFilled
92.3%
RABE WACLBear Claw
91.6%
ESLHOHoles
86.5%
TOHCOACLEChocolate
81.3%
LEGDAZGlazed
80.7%
NNAMOCINCinnamon
78.4%
PLAME ARBMaple Bar
77.5%
NSOBOT ERECMBoston Creme
74.3%
Mixed Donut Type Answer % Correct
TOUOCCNCoconut
74.3%
TTIERFRFritter
70.8%
STITWTwist
68.9%
USCATRDCustard
67.5%
FEDSTROFrosted
59.5%
LOD IFEANODHSOld Fashioned
58.4%
ULLCRERCruller
56.1%
ROEDPWEDPowdered
52.2%
GUAREDSSugared
51.1%
PLERDISNKSprinkled
29%
CERLIAEclair
22.4%

You're not logged in!

Compare scores with friends on all Sporcle quizzes.
Join for Free
OR
Log In

You Might Also Like...

Show Comments

Extras

Top Quizzes Today


Score Distribution

Your Account Isn't Verified!

In order to create a playlist on Sporcle, you need to verify the email address you used during registration. Go to your Sporcle Settings to finish the process.

Report this User

Report this user for behavior that violates our Community Guidelines.

Details: